| 000 | 00554nam a2200193Ia 4500 | ||
|---|---|---|---|
| 008 | 240729s9999 xx 000 0 und d | ||
| 022 | _a1308-5735 | ||
| 245 | 0 | _aJCRPE | |
| 260 | _aTürkiye | ||
| 260 | _bGalenos Yayincilik | ||
| 650 | _a Diseases of the endocrine glands. Clinical endocrinology | ||
| 650 | _a Internal medicine | ||
| 650 | _a Pediatrics | Medicine | ||
| 650 | _a Specialties of internal medicine | ||
| 650 | _aMedicine | ||
| 856 | _uhttps://doaj.org/toc/1ae94a54eaad45c8bfa2f7bf4adee13a | ||
| 942 | _2ddc | ||
| 942 | _cDOAJEJ | ||
| 999 |
_c72748 _d72748 |
||
| 945 |
_a1 _bMadushi Gamage _c1 _dMadushi Gamage |
||